1354 1397 1875 1168 1149 1027 1807 1119 1837 1101 1476 1716 1757 1255 1122 1120 1666 1778 1901 1072 1086 1134 1324 1244 1920 1416 1280 1295 1877 1273 1380 1475 1911 1587 1197 1861 1759 1177 1249 1243 1767 1564 1793 1084 1411 1669 1751 1838 1395 1471 1083 1878 1328 1925 1476 1747 1829 1290 1170 1290 1733 1373 1102 1143 1635 1090 1948 1560 1022 1854 1653 1742 1912 1101 1408 1664 1351 1624 1247 1951 1383 1600 1008 1607 1643 1530 1060 1777 1304 1053 1270 1853 1754 1073 1244 1884 1064 1958 1642 BCNSPRNW ULIB Ver.6.0+V

เปลี่ยนเป็นภาษาไทย

Change to English
 แสดงรายละเอียดบรรณานุกรม
  กลับหน้าหลัก

Brief Record : Get Marc (ISO 2709) : E-mail record : QR code < ปิดหน้าต่าง
LEADER : 00000nam 2200000uu 4500
001    13399122238
003     ULIB
008    130116s2554||||th 000 0 tha d
020    ^a9789740328612
060  4 ^aWY160^bอ332ก
100 0  ^aอรพรรณ ลือบุญธวัชชัย
245 1  ^aการพยาบาลสุขภาพจิตและจิตเวช /^cอรพรรณ ลือบุญธวัชชัย
250    ^aพิมพ์ครั้งที่ 4
260    ^aกรุงเทพฯ :^bสำนักพิมพ์แห่งจุฬาลงกรณ์มหาวิทยาลัย,^c2554
300    ^a387 หน้า :^bภาพประกอบ
505 0  ^aนโยบายและแผนงานด้านสุขภาพจิตและการพยาบลจิตเวช แนวคิดและการปฏิบัติ - - มโนมติสังคม วัฒนธรรมกับการพยาบาลสุขภาพจิตและจิตเวช - - แนวคิดและทฤษฎีที่เลือกสรรทางการพยาบาลสุขภาพจิตและจิตเวช - - การบำบัดทางการพยาบาลสุขภาพจิตและจิตเวช - - บริบทด้านชีวภาพทางการพยาบาลสุขภาพจิตและจิตเวช - - จิตเภสัชบำบัดและการพยาบาล - - การพยาบาลสุขภาพจิตบุคคลกลุ่มเสี่ยง - - ปัญหาสุขภาพจิตและจิตเวชในผู้สูงอายุและการดูแลช่วยเหลือ - - การพยาบาลผู้ที่มีปัญหาทางสุขภาพจิตและปรับตัว - - การพยาบาลบุคคลที่มีความผิดปกติด้านความคิดผู้ป่วยโรคจิตเภท - - การพยาบาลบุคคลที่มีความผิดปกติทางอารมณ์ : ผู้ป่วยอารมณ์แปรปรวน - - การดูแลผู้ป่วยจิตเวชที่บ้าน - - กฎหมายและจริยธรรมทางการพยาบาลสุขภาพจิตและจิตเวช
650  7 ^aการพยาบาลจิตเวชศาสตร์
650  7 ^aจิตเวชศาสตร์^xการพยาบาล
650  7 ^aสุขภาพจิต^xการพยาบาล
945    ^p220^l0^i19719
945    ^p220^l0^i19720
945    ^p220^l0^i19721
945    ^p220^l0^i20474
945    ^p220^l0^i20475
995    ^aกัณชพร
999    ^aใช้งานได้ทุกระบบ
รายการนี้ยังไม่มีแท็ก
คุณยังไม่ได้ล็อกอิน คุณสามารถมีกิจกรรมร่วมกับเว็บไซต์ได้ แต่ต้องล็อกอินก่อน ::
  ล็อกอิน

รายการสื่อสารสนเทศ

ลำดับที่ ประเภท เลขเรียก/บาร์โค้ด สถานที่ สถานะ
1. Book การพยาบาล
Book การพยาบาล
สถานะ=หนังสือเก่า
WY160 อ332ก ฉ.1 
  Barcode: 19719
ห้องสมุดวิทยาเขตนครสวรรค์
►ส่วนจัดเก็บหนังสือเก่า นว.
บนชั้น
  ขอยืม
2. Book การพยาบาล
Book การพยาบาล
สถานะ=หนังสือเก่า
WY160 อ332ก ฉ.2 
  Barcode: 19720
ห้องสมุดวิทยาเขตนครสวรรค์
►ส่วนจัดเก็บหนังสือเก่า นว.
บนชั้น
  ขอยืม
3. Book การพยาบาล
Book การพยาบาล
สถานะ=หนังสือเก่า
WY160 อ332ก ฉ.3 
  Barcode: 19721
ห้องสมุดวิทยาเขตนครสวรรค์
►ส่วนจัดเก็บหนังสือเก่า นว.
บนชั้น
  ขอยืม
4. Book การพยาบาล
Book การพยาบาล
สถานะ=หนังสือเก่า
WY160 อ332ก ฉ.4 
  Barcode: 20474
ห้องสมุดวิทยาเขตนครสวรรค์
►ส่วนจัดเก็บหนังสือเก่า นว.
บนชั้น
  ขอยืม
5. Book การพยาบาล
Book การพยาบาล
สถานะ=หนังสือเก่า
WY160 อ332ก ฉ.5 
  Barcode: 20475
ห้องสมุดวิทยาเขตนครสวรรค์
►ส่วนจัดเก็บหนังสือเก่า นว.
บนชั้น
  ขอยืม

รายการใกล้เคียง
    ผู้แต่ง [อรพรรณ ลือบุญธวัชชัย]

    หัวเรื่อง [การพยาบาลจิตเวชศาสตร์]

BibComment


ยังไม่เคยถูกคอมเมนท์

คอมเมนท์ทรัพยากรรายการนี้
  คอมเมนท์: การพยาบาลสุขภาพจ..


 Copyright 2026. Bcnsprnw @Library